LEADER 00816nam0 2200265 450 001 000020796 005 20081219133621.0 100 $a20081219d1963----km-y0itay50------ba 101 0 $aeng 102 $aUS$aCA 105 $ay-------001yy 200 1 $a<>British economy$fRoy Harrod 210 $aNew York$aS. Francisco$aToronto$cMcGraw-Hill$d1963 215 $a240 p.$d24 cm 225 2 $aEconomics handbook series 410 0$12001$aEconomics handbook series 500 10$a<>British economy$947710 610 1 $aGran Bretagna$aEconomia 676 $a330.0941$v19$9Economia. Gran Bretagna 700 1$aHarrod,$bRoy Forbes$0526207 801 0$aIT$bUNIPARTHENOPE$c20081219$gRICA$2UNIMARC 912 $a000020796 951 $a122/9$b1450$cNAVA2 996 $aBritish economy$947710 997 $aUNIPARTHENOPE